Glamour magazine's Sexiest men 2011 - Statistics

General Stats
  • This quiz has been taken 263 times
    259 since last reset
  • The average score is 17 of 70
Answer Stats
Hint Answer % Correct
49 Brad Pitt
85%
48 George Clooney
80%
3 Johnny Depp
63%
1 Robert Pattinson
57%
17 Ryan Reynolds
56%
46 Ryan Gosling
54%
45 Justin Bieber
50%
2 Taylor Lautner
50%
11 Bradley Cooper
48%
37 Chris Hemsworth
46%
36 Liam Hemsworth
46%
4 David Beckham
44%
66 Will Smith
44%
50 Hugh Jackman
42%
28 Justin Timberlake
42%
43 Matt Smith
38%
16 Orlando Bloom
35%
42 Ashton Kutcher
33%
44 Jude Law
33%
5 Zac Efron
32%
52 Daniel Craig
28%
54 Matthew McConaughey
26%
63 Joshua Jackson
25%
47 Tom Hardy
25%
57 Aaron Johnson
24%
18 Jake Gyllenhaal
23%
22 Joe Jonas
22%
33 Benedict Cumberbatch
21%
39 Chris Pine
21%
6 Gerard Butler
20%
23 Kellan Lutz
20%
31 Michael Fassbender
20%
60 Usher
20%
26 Andrew Garfield
19%
12 Chace Crawford
19%
70 Jared Leto
19%
25 Ian Somerhalder
18%
59 Paul Wesley
18%
14 James McAvoy
17%
10 Prince Harry
17%
32 Shia LaBeouf
17%
19 Colin Farrell
16%
21 Ed Westwick
16%
58 Penn Badgley
16%
55 Russell Brand
16%
29 Cory Monteith
15%
68 David Tennant
15%
65 Tom Felton
14%
7 Alexander Skarsgard
13%
13 Alex Pettyfer
13%
61 Gary Barlow
13%
15 Henry Cavill
12%
38 Josh Duhamel
12%
40 Mark Salling
12%
20 Darren Criss
11%
56 Matthew Morrison
11%
62 Nicholas Hoult
11%
53 Olly Murs
11%
30 Sam Worthington
11%
69 Chord Overstreet
10%
35 Marvin Humes
10%
27 Aston Merrygold
9%
41 Joe Manganiello
9%
67 Jon Hamm
9%
51 Tinie Tempah
9%
8 Garrett Hedlund
7%
34 Jamie Campbell Bower
7%
64 Max Irons
7%
9 Jared Followill
6%
24 Jim Sturgess
6%
No matching quizzes found
Score Distribution
Percent of People with Each Score
Percentile by Number Answered
Your Score History
You have not taken this quiz since the last reset